Ausgewählte Aspekte der Wortschatzbereicherung diplomová práca

Gespeichert in:
Bibliographische Detailangaben
1. Verfasser: Bělinová, Marta
Körperschaft: Fakulta aplikovaných jazykov EU v Bratislave. Katedra jazykovedy a translatológie
Weitere Verfasser: Seresová, Katarína, 1967-
Format: Buch
Sprache:Deutsch
Veröffentlicht: Bratislava 2018
Tags: Tag hinzufügen
Keine Tags, Fügen Sie das erste Tag hinzu!

MARC

LEADER 00000nbm a2200000 4500
001 0244018
005 20181011144935.9
041 0 |a ger 
044 |a SK 
245 1 0 |a Ausgewählte Aspekte der Wortschatzbereicherung  |b diplomová práca  |c Marta Bělinová ; školiteľ: Katarína Seresová 
264 1 |a Bratislava  |c 2018 
300 |a 80 s. 
100 1 |a Bělinová, Marta 
700 1 |a Seresová, Katarína, 1967- 
710 2 |a Fakulta aplikovaných jazykov EU v Bratislave. Katedra jazykovedy a translatológie